Statistics for WWE WrestleMania Strange, but True Facts

Click here to take the quiz!

General Stats

  • This quiz has been taken 290 times
  • The average score is 3 of 10

Answer Stats

HintAnswer% Correct
This WrestleMania happened on a MondayWrestlemania 2
58%
The Undertaker has defeated every member of this factionEvolution
53%
Appreared at every WrestleMania (Announced?)Howard Finkel
35%
Most Losses at WrestleManiaShawn Michaels
34%
Appeared at WrestleMania VI (Long time WCW superstar)Diamond Dallas Page
29%
This championship title was retained 5 times while losingIntercontinental Championship
29%
The unofficial holder of the WrestleMania streak (4)...not the Undertaker!Rob Van Dam
26%
The inaugural WrestleMania didn't have this important matchWWE Title Match
20%
This manager wore 4 different outfits at one WrestleManiaMiss Elizabeth
20%
The Undertaker's new WrestleMania streak (14)Consecutive WrestleMania Matches
3%

Score Distribution

Percentile by Number Answered

Percent of People with Each Score

Your Score History

You have not taken this quiz